000 00698cam a2200253 a 4500
008
020 _a9780323080583 (pbk.)
049 _aMAIN
090 _aQR181
_bIMM
245 0 0 _aImmunology /
_cDavid Male ... [et al.]
250 _a8th ed.
260 _aEdinburgh :
_bElsevier/Saunders,
_cc2013.
300 _ax, 472 p. :
_bcol. ill. ;
_c28 cm.
500 _aIncludes index.
504 _aIncludes bibliographical references.
650 1 2 _aImmune System.
650 2 2 _aImmunity.
700 1 _aMale, David K.
907 _a.b10364456
_b07-12-15
_c30-10-15
003
005 20230120204205.0
040 _cNUST
942 _cBOOKS
_kQR181
_mIMM
999 _c118780
_d118780